Bandiere europee delle capitali - Quiz sulla mappa - Statistics

Statistiche generali
  • Questo quiz è stato fatto 21 volte
  • Il punteggio medio è 6 su 44
Risposte nella Mappa
Le risposte nella mappa del quiz sottostante sono codificate secondo una scala di colori dal rosso al verde in base alla % di persone che hanno risposto correttamente.
 
Statistiche sulle risposte
Risposta % Corretto
42%
32%
26%
26%
26%
21%
21%
21%
21%
21%
16%
16%
16%
16%
16%
16%
16%
16%
16%
16%
16%
11%
11%
11%
11%
11%
11%
11%
11%
11%
11%
11%
5%
5%
5%
5%
5%
5%
5%
5%
0%
0%
0%
0%
Nessun quiz corrispondente trovato
Distribuzione punteggi
Percentuale di utenti per punteggio
Percentile per numero di risposta
I tuoi punteggi nel tempo
Non hai fatto questo quiz